|
|
|
|
| LEADER |
00000nam a2200000 ab4500 |
| 001 |
vtls011562245 |
| 003 |
SK-MaSNL |
| 005 |
20260302051945.0 |
| 008 |
240318s2016 xr db g 011 0 cze |
| 015 |
|
|
|a SNBZSA2016
|
| 020 |
|
|
|a 9788087950234
|q (viazané)
|
| 035 |
|
|
|a 4090D072-59AE-4550-9D41-88EFC402F7A2
|
| 035 |
|
|
|a urn:nbn:sk:snk-am3h6b3
|
| 035 |
|
|
|a urn:nbn:sk:snk-am00co4u
|
| 040 |
|
|
|a SNK
|b slo
|c SNK
|e AACR2
|
| 041 |
1 |
|
|a cze
|h eng
|
| 043 |
|
|
|a e-cs---
|
| 044 |
|
|
|a xr
|c CZ
|
| 072 |
|
7 |
|a 316.4
|x Sociálne procesy
|2 konspekt
|
| 080 |
|
|
|a 94(437)"1989"
|2 2011
|
| 080 |
|
|
|a 316.42
|2 2011
|
| 080 |
|
|
|a 32:316.42
|2 2011
|
| 080 |
|
|
|a 94(437)
|2 2011
|
| 080 |
|
|
|a 323
|2 2011
|
| 080 |
|
|
|a (048.8)
|2 2011
|
| 100 |
1 |
|
|a Krapfl, James,
|d 1971-
|4 aut
|9 324378
|
| 240 |
1 |
0 |
|a Revolution with a human face: politic, culture, and community in Czechoslovakia 1989-1992
|l Česky
|
| 245 |
1 |
0 |
|a Revoluce s lidskou tváří
|b politika, kultura a společenství v Československu v letech 1989-1992
|c James Krapfl ; [z anglického originálu ... přeložila Andrea Patrasová]
|
| 246 |
3 |
0 |
|a Politika, kultura a společenství v Československu v letech 1989-1992
|
| 260 |
|
|
|a Praha
|b Rybka Publishers
|c 2016
|
| 300 |
|
|
|a 376 s.
|b grafy, mp.
|c 21 cm
|
| 500 |
|
|
|a Preložené z angličtiny
|
| 500 |
|
|
|a Vydané s prihliadnutím na slovenské vydanie Revolúcia s ľudskou tvárou - Politika, kultúra a spoločenstvo v Československu po 17. novembri 1989, publikované nakladateľstvom Kalligram v roku 2009
|
| 504 |
|
|
|a Bibliogr., bibliogr. odkazy, register
|
| 648 |
|
7 |
|a 1989-1992
|2 SNKPH
|9 324379
|
| 650 |
0 |
7 |
|a Nežná revolúcia (1989 : Československo)
|2 SNKPH
|9 176560
|
| 650 |
0 |
7 |
|a Velvet revolution, 1989
|2 SNKPHeng
|9 315872
|
| 650 |
0 |
7 |
|a spoločenská transformácia
|2 SNKPH
|9 1584
|
| 650 |
0 |
7 |
|a Social transformation
|2 SNKPHeng
|9 117238
|
| 650 |
0 |
7 |
|a politická transformácia
|2 SNKPH
|9 1585
|
| 650 |
0 |
7 |
|a Political transformation
|2 SNKPHeng
|9 315871
|
| 651 |
|
7 |
|a Československo
|x dejiny
|2 SNKPH
|9 161432
|
| 651 |
|
7 |
|a Československo
|x spoločnosť a politika
|2 SNKPH
|9 116814
|
| 651 |
|
7 |
|a Czechoslovakia
|x History
|2 SNKPHeng
|9 125910
|
| 651 |
|
7 |
|a Czechoslovakia
|x society and policy
|2 SNKPHeng
|9 331631
|
| 655 |
|
7 |
|a monografie
|2 SNKPH
|9 70139
|
| 655 |
|
7 |
|a Monographs
|2 SNKPHeng
|9 120675
|
| 700 |
1 |
|
|a Patrasová, Andrea
|4 trl
|9 708242
|
| 852 |
|
|
|a Štátna vedecká knižnica v Banskej Bystrici
|
| 919 |
|
|
|a 978-80-87950-23-4
|
| 958 |
|
|
|a ZS
|
| 958 |
|
|
|a NB
|
| 999 |
|
|
|c 1103150
|d 1105080
|
| 952 |
|
|
|a SNK
|b SNK
|y PREZ
|7 0
|p 17A1199708
|o snkSC 170709
|i snk2016/17813
|8 4
|g 11.48
|0 0
|1 0
|4 0
|d 2016-06-29
|f 1
|l 0
|r 2025-09-08 00:00:00
|w 2026-02-24
|
| 952 |
|
|
|t snkKRA 316.42
|a SNKUST
|b SNKUST
|y PREZ
|7 0
|p 17A1199766
|o snkSC 170709 D1
|i snk2016/17814
|8 4
|g 11.48
|0 0
|1 0
|4 0
|d 2016-06-29
|l 0
|r 2025-04-29 00:00:00
|w 2026-02-24
|